00592nam a2200121Ia 4500008004100000082002000041100002700061245010800088260005200196365000600248630010800254730010800362100415s9999 xx 000 0 und d b9575a598.2(70) aBent Arthur Cleveland aLife Histories of North American Cardinals, Grosbeaks, Buntings, Towhees, Finches, Sparrows, and Allies aWASHINGTONc1968bSMITHSONIAN INSTITUTION PRESS b0 aLife Histories of North American Cardinals, Grosbeaks, Buntings, Towhees, Finches, Sparrows, and Allies aLife Histories of North American Cardinals, Grosbeaks, Buntings, Towhees, Finches, Sparrows, and Allies